00313nam a22001337a 450000500170000000800410001704100130005808200140007110000120008524500230009726000090012030000250012965000250015420231106103352.0231106b |||||||| |||| 00| 0 eng d aEnglish  a346.5 WIL lEnglish aWills and Estates  c2009 b39 pages ; c30 cm.  aLegal practice bLaw